Statistics for Top 50 Most Subscribed YouTube Channels

Click here to take the quiz!

General Stats

  • This quiz has been taken 13 times
  • The average score is 11 of 50

Answer Stats

SubscribersChannel% Correct
111MPewDiePie
92%
150MMrBeast
83%
241MT-Series
75%
52.5MAriana Grande
33%
87.7MBlackpink
33%
158MCocomelon
33%
56.2MEminem
33%
71.3MJustin Bieber
33%
51.6MTaylor Swift
33%
94.6MWWE
33%
45.2MA4
25%
45.7MBad Bunny
25%
74.6MBangtanTV
25%
59.3MDude Perfect
25%
53.2MEd Sheeran
25%
45MFelipe Neto
25%
70.5MHybe Labels
25%
110MKids Diana Show
25%
105MLike Nastya
25%
56.6MSony Music India
25%
96.6MVlad and Niki
25%
94.6MZee Music Company
25%
79.7M5-Minute Crafts
17%
56.6MAaj Tak
17%
46.7MBadabun
17%
47.7MBillie Eilish
17%
66.5MCanal KondZilla
17%
64.5MChuChu TV
17%
61.9MColors TV
17%
56.9MEl Reino Infantil
17%
84.9MGoldmines
17%
47.8MJuegaGerman
17%
59.1MMovieclips
17%
67MPinkfong
17%
46.1MShemaroo
17%
155MSony Entertainment Television India
17%
45.8MSonyMusicIndiaVEVO
17%
80.7MSony SAB
17%
59.6MT-Series Bhakti Sagar
17%
68.2MZee TV
17%
51.4MBillionSurpriseToys
8%
45.9MFernanfloo
8%
46.2MGet Movies
8%
53.5MLooLoo Kids
8%
56.3MMarshmello
8%
64.7MShemaroo Entertainment
8%
57.2MWave Music
8%
51MInfobells
0%
58.1MTips Industries
0%
53.5MYash Raj Films
0%

Score Distribution

Percentile by Number Answered

Percent of People with Each Score

Your Score History

You have not taken this quiz